1863 1323 1896 1033 1362 1797 1898 1673 1991 1513 1312 1566 1188 1921 1952 1283 1492 1568 1566 1291 1550 1350 1062 1788 1872 1472 1814 1373 1219 1258 1436 1986 1147 1316 1153 1640 1696 1151 1014 1811 1239 1069 1322 1055 1736 1713 1856 1100 1250 1715 1023 1107 1346 1477 1197 1245 1572 1490 1759 1436 1860 1667 1846 1717 1183 1499 1787 1927 1865 1492 1692 1499 1053 1158 1535 1307 1742 1109 1741 1684 1258 1131 1790 1177 1462 1716 1407 1417 1203 1273 1169 1132 1553 1499 1067 1219 1366 1370 1408 BCNSPRNW ULIB Ver.6.0+V

เปลี่ยนเป็นภาษาไทย

Change to English
 แสดงรายละเอียดบรรณานุกรม
  กลับหน้าหลัก

Brief Record : Get Marc (ISO 2709) : E-mail record : QR code < ปิดหน้าต่าง
LEADER : 00000nam 2200000uu 4500
001    13399125464
003     ULIB
008    170612s2559||||th 000 0 tha d
020    ^a9786167829692
060 04 ^aWY160.5^bน148ห
100 0  ^aนงลักษณ์ บุญรอด
245 00 ^aหนังสือคู่มือการพยาบาลโรคพาร์กินสัน =^bParkinson^'s Disease Nursing Handbook /^cนงลักษณ์ บุญรอด
250    ^aพิมพ์ครั้งที่ 1
260    ^aกรุงเทพฯ :^bศูนย์ความเป็นเลิศทางการแพทย์โรคพาร์กินสัน และกลุ่มโรคความเคลื่อนไหวผิดปกติ โรงพยาบาลจุฬาลงกรณ์ สภากาชาดไทย,^c2559
300    ^a228 หน้า :^bภาพประกอบ ; ตาราง ;^c25 ซม.
505 0  ^aบทที่ 1 โรคพาร์กินสันในมุมมองพยาบาล
505 0  ^aบทที่ 2 อาการของโรคพาร์กินสันในมุมมองพยาบาล
505 0  ^aบทที่ 3 ยารักษาโรคพาร์กินสัน
505 0  ^aบทที่ 4 การพยาบาลผู้ป่วยโรคพาร์กินสัน
505 0  ^aบทที่ 5 การพยาบาลผู้ป่วยโรคพาร์กินสันที่ได้รับการรักษาด้วยวิธีอื่นนอกเหนือจากการรับประทานยา
505 0  ^aบทที่ 6 การจัดกิจกรรมกลุ่มสำหรับผู้ป่วยและผู้ดูแล
505 0  ^aบทที่ 7 การดูแลแบบสหสาขาวิชาชีพ
650  7 ^aการพยาบาลทางประสาทวิทยา
650  7 ^aการพยาบาลโรคพาร์กินสัน
650  7 ^aโรคพาร์กินสัน--การพยาบาล
700 0  ^aกมลวรรณ บุญเพ็ง
700 0  ^aรุ่งโรจน์ พิทยศิริ
945    ^p299^l0^i25122
945    ^p299^l0^i25123
945    ^p299^l0^i25124
945    ^p299^l0^i25125
945    ^p299^l0^i25126
999    ^aกัณชพร
รายการนี้ยังไม่มีแท็ก
คุณยังไม่ได้ล็อกอิน คุณสามารถมีกิจกรรมร่วมกับเว็บไซต์ได้ แต่ต้องล็อกอินก่อน ::
  ล็อกอิน

รายการสื่อสารสนเทศ

ลำดับที่ ประเภท เลขเรียก/บาร์โค้ด สถานที่ สถานะ
1. หนังสือสำรอง
หนังสือสำรอง
WY160.5 น148ห ฉ.1 
  Barcode: 25122
ห้องสมุดวิทยาเขตนครสวรรค์
►หนังสือทั่วไป:l:General Books
บนชั้น
2. วิทยาศาสตร์การแพทย์ และสุขภาพ
วิทยาศาสตร์การแพทย์ และสุขภาพ
WY160.5 น148ห ฉ.2 
  Barcode: 25123
ห้องสมุดวิทยาเขตนครสวรรค์
►หนังสือทั่วไป:l:General Books
บนชั้น
3. วิทยาศาสตร์การแพทย์ และสุขภาพ
วิทยาศาสตร์การแพทย์ และสุขภาพ
WY160.5 น148ห ฉ.3 
  Barcode: 25124
ห้องสมุดวิทยาเขตนครสวรรค์
►หนังสือทั่วไป:l:General Books
บนชั้น
4. วิทยาศาสตร์การแพทย์ และสุขภาพ
วิทยาศาสตร์การแพทย์ และสุขภาพ
WY160.5 น148ห ฉ.4 
  Barcode: 25125
ห้องสมุดวิทยาเขตนครสวรรค์
►หนังสือทั่วไป:l:General Books
บนชั้น
5. วิทยาศาสตร์การแพทย์ และสุขภาพ
วิทยาศาสตร์การแพทย์ และสุขภาพ
WY160.5 น148ห ฉ.5 
  Barcode: 25126
ห้องสมุดวิทยาเขตนครสวรรค์
►หนังสือทั่วไป:l:General Books
บนชั้น

รายการใกล้เคียง
    ผู้แต่ง [นงลักษณ์ บุญรอด]

    หัวเรื่อง [การพยาบาลทางประสาทวิทยา]
    หัวเรื่อง [การพยาบาลโรคพาร์กินสัน]
    หัวเรื่อง [โรคพาร์กินสัน--การพยาบาล]

BibComment


ยังไม่เคยถูกคอมเมนท์

คอมเมนท์ทรัพยากรรายการนี้
  คอมเมนท์: หนังสือคู่มือการ..


 Copyright 2026. Bcnsprnw @Library